书目信息 |
| 题名: |
网络视听
|
|
| 作者: | 陈露晓 主编 ;孙晓磊 , 于凌 , 李彦涛 分册主编 | |
| 分册: | ||
| 出版信息: | 北京 中国社会出版社 2010.01 |
|
| 页数: | 179页 | |
| 开本: | 21cm | |
| 丛书名: | 老年人网络新生活丛书 | |
| 单 册: | ||
| 中图分类: | TP393.4 | |
| 科图分类: | ||
| 主题词: | 互联网络--hu lian wang luo--基本知识 | |
| 电子资源: | ||
| ISBN: | 978-7-5087-2833-9 | |
| 000 | 01098nam 2200289 450 | |
| 001 | 012010856610 | |
| 005 | 20100419092318.10 | |
| 010 | @a978-7-5087-2833-9@dCNY10.00 | |
| 100 | @a20100415d2010 em y0chiy0120 ea | |
| 101 | 0 | @achi |
| 102 | @aCN@b110000 | |
| 105 | @aa z 000yy | |
| 106 | @ar | |
| 200 | 1 | @a网络视听@Awang luo shi ting@f陈露晓主编@Fzhu bian chen lu xiao@g孙晓磊, 于凌, 李彦涛分册主编@Gsun xiao lei,yu ling,li yan tao fen ce zhu bian |
| 210 | @a北京@c中国社会出版社@d2010.01 | |
| 215 | @a179页@c图@d21cm | |
| 225 | 2 | @a老年人网络新生活丛书@Alao nian ren wang luo xin sheng huo cong shu |
| 330 | @a本书内容涉及网上视听的准备、网上听音乐、网上收看影视节目、网上听广播、网上观看Flash动画、下载收藏喜爱的节目等。 | |
| 410 | 0 | @12001 @a老年人网络新生活丛书 |
| 606 | 0 | @a互联网络@Ahu lian wang luo@x基本知识 |
| 690 | @aTP393.4@v4 | |
| 701 | 0 | @a陈露晓@Achen lu xiao@4主编 |
| 702 | 0 | @a孙晓磊@Asun xiao lei@4分册主编 |
| 702 | 0 | @a于凌@Ayu ling@4分册主编 |
| 702 | 0 | @a李彦涛@Ali yan tao@4分册主编 |
| 801 | 0 | @aCN@bQSSK@c20100419 |
| 905 | @b778401-03@dTP393.4@eC507@f3 | |
| 网络视听/陈露晓主编/孙晓磊, 于凌, 李彦涛分册主编.-北京:中国社会出版社,2010.01 |
| 179页:图;21cm.-(老年人网络新生活丛书) |
| ISBN 978-7-5087-2833-9:CNY10.00 |
| 本书内容涉及网上视听的准备、网上听音乐、网上收看影视节目、网上听广播、网上观看Flash动画、下载收藏喜爱的节目等。 |
| ● |
| 相关链接 |
|
|
|
正题名:网络视听
索取号:TP393.4/C507
 
预约/预借
| 序号 | 登录号 | 条形码 | 馆藏地/架位号 | 状态 | 备注 |
| 1 | 778401 | 207784012 | 自科二线404/301自科库 130排2列6层/ [索取号:TP393.4/C507] | 在馆 | |
| 2 | 778402 | 207784021 | 自科二线404/301自科库 130排2列6层/ [索取号:TP393.4/C507] | 在馆 | |
| 3 | 778403 | 207784030 | 自科二线404/301自科库 130排2列6层/ [索取号:TP393.4/C507] | 在馆 |